001_ Personnalités nées un 1er janvier par images - Statistiques

Statistiques générales
  • Ce quiz a été pris 78 fois
  • Le résultat moyen est 4 sur 12
Statistiques - réponses
Par images Hint Réponse % Correct
Footballeur Lilian Thuram
82%
Opticien et Homme d'affaires Alain Afflelou
74%
Chanteuse Olivia Ruiz
62%
Athlète Yohann Diniz
48%
Philosophe Michel Onfray
41%
Mangaka Eiichiro Oda
34%
Chanteur Louis Chedid
25%
Athlète Alain Mimoun
23%
Historien et Pédagogue Pierre de Coubertin
12%
Dirigeant Politique Laurent de Médicis
11%
Musicien Grandmaster Flash
1%
Producteur William Fox
1%
Aucun quiz correspondant
Distribution des résultats
% des personnes avec chaque résultat
Percentile par nombre de réponses
Votre historique - résultats
Vous n’avez pas pris ce quiz